Ariana Grande Discography - Statistics

General Stats
  • This quiz has been taken 377 times
    299 since last reset
  • The average score is 8 of 11
Answer Stats
Year Name Type % Correct
2019 Thank U, Next Album
96%
2016 Dangerous Woman Album
94%
2020 Positions Album
93%
2018 Sweetener Album
93%
2013 Yours Truly Album
93%
2014 My Everything Album
90%
2019 K Bye for Now (SWT Live) Live Album
66%
2015 Christmas & Chill EP
57%
2013 Christmas Kisses EP
55%
2017 The Best Compilation
20%
2015 THE REMIX Remix Album
17%
No matching quizzes found
Score Distribution
Percent of People with Each Score
Percentile by Number Answered
Your Score History
You have not taken this quiz since the last reset